LEADER 05436nam 2200757Ia 450 001 9910454083903321 005 20200520144314.0 010 $a1-281-95604-X 010 $a9786611956042 010 $a981-279-665-7 035 $a(CKB)1000000000537886 035 $a(EBL)1679662 035 $a(OCoLC)879023878 035 $a(SSID)ssj0000158970 035 $a(PQKBManifestationID)11180435 035 $a(PQKBTitleCode)TC0000158970 035 $a(PQKBWorkID)10150195 035 $a(PQKB)10220614 035 $a(MiAaPQ)EBC1679662 035 $a(WSP)00005398 035 $a(Au-PeEL)EBL1679662 035 $a(CaPaEBR)ebr10255369 035 $a(CaONFJC)MIL195604 035 $a(EXLCZ)991000000000537886 100 $a20030925d2003 uy 0 101 0 $aeng 135 $aur|n|---||||| 181 $ctxt 182 $cc 183 $acr 200 10$aFrom quarks and gluons to quantum gravity$b[electronic resource] $eproceedings of the International School of Subnuclear Physics /$fedited by Antonino Zichichi 210 $aRiver Edge, NJ $cWorld Scientific$dc2003 215 $a1 online resource (449 p.) 225 1 $aThe subnuclear series ;$vv. 40 300 $aDescription based upon print version of record. 311 $a981-238-613-0 320 $aIncludes bibliographical references. 327 $aCONTENTS ; Mini-Courses on Basics ; Lattice Field Theory and SU(N) Gauge Theories ; 1 Introduction ; 2 Lattice calculations ; 3 The physics of SU(N) gauge theories ; 4 Some final remarks ; References ; CHAIRMAN: M. TEPER ; Symmetries and Quasi-Particles in Hot QCD ; 1 Introduction 327 $a2 Qualitative picture of the transition 3 Global symmetries order parameters and the phase transition in QCD ; 4 Canonical Z(N) symmetries in SU(N) gauge theory ; 5 Forces and screening in the plasma ; 6 A quantitative method: perturbation theory and dimensional reduction 327 $a7 Dimensional reduction at work 8 Flux of quasi-particles as seen by spatial Wilson and 't Hooft loops ; 9 Epilogue ; 10 Suggestions for further reading ; References ; CHAIRMAN: C.P. KORTHALS ALTES ; Physics of QCD Instantons ; 1 Introduction ; 2 Instantons and chiral symmetries 327 $a3 What instantons can do: a brief summary 4 Two-point correlation functions: T decays ; 5 Three-point correlators: the pion form-factor ; 6 Instantons at large Nc ; 7 The RHIC puzzles ; 8 Quantum mechanics of the glue in vacuum and high energy collisions ; 9 Acknowledgments 327 $aCHAIRMAN: E. SHURYAK Confinement and Duality ; 1 Confinement: an overview ; 2 Confinement of Magnetic Flux ; 3 Duality Sources and Fluxes ; 4 Duality and Confinement ; References ; CHAIRMAN: M. STRASSLER 327 $aProbing Grand Unification Through Neutrino Oscillations Leptogenesis and Proton Decay 330 $a In August/September 2002, a group of 78 physicists from 50 laboratories in 17 countries met in Erice, Italy, to participate in the 40th Course of the International School of Subnuclear Physics. The purpose of the School was to focus attention on the theoretical and phenomenological developments in gauge theories, as well as in all the other sectors of subnuclear physics. Experimental highights from the most relevant sources of new data were presented and discussed, including the latest news on theoretical developments in quantizing the gravitational forces. This volume constitutes the procee 410 0$aSubnuclear series ;$vv. 40. 606 $aQuantum gravity$vCongresses 606 $aGluons$vCongresses 606 $aQuarks$vCongresses 606 $aGauge fields (Physics)$vCongresses 608 $aElectronic books. 615 0$aQuantum gravity 615 0$aGluons 615 0$aQuarks 615 0$aGauge fields (Physics) 676 $a530.14/3 676 $a530.143 676 $a539.7 701 $aZichichi$b Antonino$046058 712 12$aInternational School of Subnuclear Physics 801 0$bMiAaPQ 801 1$bMiAaPQ 801 2$bMiAaPQ 906 $aBOOK 912 $a9910454083903321 996 $aFrom quarks and gluons to quantum gravity$92079759 997 $aUNINA LEADER 03152nam 2200685Ia 450 001 9910451098703321 005 20200520144314.0 010 $a1-281-36845-8 010 $a9786611368456 010 $a1-4039-8029-2 024 7 $a10.1057/9781403980298 035 $a(CKB)1000000000342827 035 $a(SSID)ssj0000219149 035 $a(PQKBManifestationID)11199988 035 $a(PQKBTitleCode)TC0000219149 035 $a(PQKBWorkID)10221796 035 $a(PQKB)10656028 035 $a(DE-He213)978-1-4039-8029-8 035 $a(MiAaPQ)EBC307554 035 $a(Au-PeEL)EBL307554 035 $a(CaPaEBR)ebr10135675 035 $a(CaONFJC)MIL136845 035 $a(OCoLC)560537999 035 $a(EXLCZ)991000000000342827 100 $a20040928d2005 uy 0 101 0 $aeng 135 $aurnn|008mamaa 181 $ctxt 182 $cc 183 $acr 200 12$aA peaceful Jihad$b[electronic resource] $enegotiating identity and modernity in Muslim Java /$fRonald Lukens-Bull 205 $a1st ed. 210 $aNew York $cPalgrave Macmillan$d2005 215 $a1 online resource (XVII, 152 p.) 225 1 $aContemporary anthropology of religion 300 $aBibliographic Level Mode of Issuance: Monograph 311 $a1-4039-6660-5 311 $a1-4039-6658-3 320 $aIncludes bibliographical references (p. [139]-147) and index. 330 $aBased on extensive ethnographic research, this book examines how the Islamic community in Java, Indonesia, is actively negotiating both modernity and tradition in the contexts of nation-building, globalisation, and a supposed clash of civilizations. The pesantren community, so-called because it is centered around an educational institution called the pesantren, uses education as a central arena for dealing with globalization and the construction and maintenance of an Indonesian Islamic identity. However, the community's efforts to wrestle with these issues extend beyond education into the public sphere in general and specifically in the area of leadership and politics. The case material is used to understand Muslim strategies and responses to civilizational contact and conflict. Scholars, educated readers, and advanced undergraduates interested in Islam, religious education, the construction of religious identity in the context of national politics and globalization will find this work useful. 410 0$aContemporary anthropology of religion. 606 $aIslamic religious education$zIndonesia$zJava 606 $aIslamic modernism$zIndonesia$zJava 606 $aIslam$xSocial aspects$zIndonesia$zJava 606 $aIslam and state$zIndonesia$zJava 607 $aJava (Indonesia)$xReligion 608 $aElectronic books. 615 0$aIslamic religious education 615 0$aIslamic modernism 615 0$aIslam$xSocial aspects 615 0$aIslam and state 676 $a305.8 700 $aLukens-Bull$b Ronald$0953061 801 0$bMiAaPQ 801 1$bMiAaPQ 801 2$bMiAaPQ 906 $aBOOK 912 $a9910451098703321 996 $aA peaceful Jihad$92154688 997 $aUNINA